The Panama Quiz Stats

 Plays Quiz Updated Jul 9, 2018

Also try: The Colombia Quiz
Challenge
Share
Tweet
Embed
Score 0/44 Timer 07:00
0 Plays Today
Hint Answer % Correct
Internet Country Code.pa
98.3%
Flag ColorRed
96.6%
Flag ColorBlue
96.6%
Flag ColorWhite
96.1%
CapitalPanama City
92.7%
Largest CityPanama City
92.7%
Lowest Point (0 m)Pacific Ocean
92%
Independence FromSpain / Colombia
91.6%
Official LanguageSpanish
91.2%
Bordering OceanPacific Ocean
90.2%
Bordering CountryColombia
88.1%
Drives on the...Right
86.7%
Bordering CountryCosta Rica
86.4%
Age of Suffrage18
85.5%
ContinentNorth America
84.4%
Largest Religious DenominationRoman Catholic
82.2%
Official NameRepublic of Panama
78.9%
# of Indigenous Territories3
78%
Bordering SeaCaribbean Sea
77.7%
Famous WaterwayPanama Canal
76.4%
Nationality (Demonym)Panamanian
75.9%
# of Provinces10
72.3%
Hint Answer % Correct
Time ZoneUTC−05:00
71.4%
CurrencyBalboa
71.2%
Most Popular SportBaseball
65.5%
Population in Millions (2017)4
61.9%
# of National Parks16
61.4%
Year of First Independence1821
28.2%
Olympic Gold Medal SportAthletics - 1
15.5%
National BirdHarpy Eagle
15%
Independence DayNovember 3
13.8%
Largest ProvinceDarién
13.4%
PresidentJuan Carlos Varela
12%
Largest LakeGatun Lake
11.9%
Vice PresidentIsabel Saint Malo
11.5%
Highest Point (3,475 m)Volcán Barú
10.4%
Largest StadiumRod Carew Stadium
8.8%
Smallest ProvinceHerrera
8.2%
Second Largest CitySan Miguelito
8%
Largest IslandCoiba Island
7.8%
MottoPro Mundi Beneficio
6%
National FlowerHoly Ghost Orchid
5.8%
Third Largest CityArraiján
5.4%
Longest RiverRío Tuira
3.9%

You're not logged in!

Compare scores with friends on all Sporcle quizzes.
Join for Free
OR
Log In

You Might Also Like...

Show Comments

Extras

Top Quizzes Today


Score Distribution

Your Account Isn't Verified!

In order to create a playlist on Sporcle, you need to verify the email address you used during registration. Go to your Sporcle Settings to finish the process.

Report this User

Report this user for behavior that violates our Community Guidelines.

Details: